000 01277nam a2200409 i 4500
001 40083
003 KOSZ 005
005 20220722133953.0
008 090609s2000 pl a |000 0 pol
015 _aUWD 2009/20470
020 _a8386230746
035 _a991048974869705066
035 _a(PL-WaBN)b23635459-48omnis_nlop
035 _ab23635459
035 _a(OCoLC)297555816
035 _a(PL)b0000002363545
035 _a(EXLNZ-48OMNIS_NETWORK)9910477443205606
040 _aWA N
_cWA N
_dKOSZ 005/HR
046 _k2000
080 _a336.71:077
100 1 _aGrzechnik, Jakub
_eAutor
245 1 0 _aBankowość internetowa /
_cJakub Grzechnik.
260 _aGdańsk :
_bInternetowe Centrum Promocji,
_c2000.
300 _a119 s. :
_bil. ;
_c21 cm.
336 _aTekst
_btxt
_2rdacontent
337 _aBez urządzenia pośredniczącego
_bn
_2rdamedia
338 _aWolumin
_bnc
_2rdacarrier
380 _aKsiążki
388 _a1901-2000
388 _a1989-2000
504 _aBibliogr. s. 115-119.
650 7 _aBanki internetowe
_2DBN
658 _aGospodarka, ekonomia, finanse
856 _uhttp://koha.tu.koszalin.pl/cgi-bin/koha/opac-detail.pl?biblionumber=40083
_yKatalog online BPK
942 _2UKD
_cKS
999 _c40083
_d40083